Normal view
MARC view
- A. Wentz, Charles
Entry Personal Name
001 - CONTROL NUMBER
- control field: 38133
003 - CONTROL NUMBER IDENTIFIER
- control field: NUST
005 - DATE AND TIME OF LATEST TRANSACTION
- control field: 20210314130603.0
008 - FIXED-LENGTH DATA ELEMENTS
- fixed length control field: 210314|| aca||aabn | a|a d
040 ## - CATALOGING SOURCE
- Original cataloging agency: NUST
- Transcribing agency: NUST
100 ## - HEADING--PERSONAL NAME
- Personal name: A. Wentz, Charles
670 ## - SOURCE DATA FOUND
- Source citation: Work cat.: (NUST): A. Wentz, Charles., Hazardous waste management., 1989.
